000 00262nam a22001097a 4500
008 170118b xxu||||| |||| 00| 0 eng d
020 _a9780803623163
041 _aeng
080 _24TH
_a618.2
245 _aJOURNEY ACROSS THE LIFE SPAN
_cPOLAN, E
942 _2udc
_cBK
999 _c3127
_d3127